00419nam a22001457a 450000500170000000800410001702200130005804100120007108200120008310000120009524500340010726000740014130000330021565000250024820240903075420.0240903b |||||||| |||| 00| 0 eng d a10246991 aEnglish a349 NAM lEnglish aThe Namibian Law Reports 1996 aWindhoek: bLegal Assistance Centre and Juta and Company Ltd, c1996  bxxviii, 412 pages; c26 cm.  aLegal practice bLaw